000 00601nam a2200205Ia 4500
001 22872
003 GE_BSU
008 181216s||||||||xx |||||||||||||| ||und||
040 _cGE_BSU
245 _aВопросы языкознания, №3. Май-Июнь 2018
245 _cГл.ред.В.А.Плунгян и др.
260 _aМосква
260 _bНаука
260 _c2018
300 _a160 стр. 26см.
653 _aВопросы языкознания, №3. Май-Июнь 2018
653 _aПериодика
653 _aპერიოდიკა
942 _cCR
999 _c55775
_d55775